Luật tổ chức nhà nước Nước Cộng hòa XHCN Việt Nam

সংরক্ষণ করুন:
গ্রন্থ-পঞ্জীর বিবরন
বিন্যাস: গ্রন্থ
ভাষা:Undetermined
প্রকাশিত: Tp. HCM Tp. HCM 2002
বিষয়গুলি:
ট্যাগগুলো: ট্যাগ যুক্ত করুন
কোনো ট্যাগ নেই, প্রথমজন হিসাবে ট্যাগ করুন!
Thư viện lưu trữ: Trung tâm Học liệu Trường Đại học Cần Thơ
LEADER 00482nam a2200169Ia 4500
001 CTU_52103
008 210402s9999 xx 000 0 und d
082 |a 342.59704 
082 |b L504 
245 0 |a Luật tổ chức nhà nước Nước Cộng hòa XHCN Việt Nam 
260 |a Tp. HCM 
260 |b Tp. HCM 
260 |c 2002 
650 |a constitutional law 
650 |z vietnam 
904 |i Minh 
980 |a Trung tâm Học liệu Trường Đại học Cần Thơ